| 000 | 00466nam a2200169 i 4500 | ||
|---|---|---|---|
| 001 | 141809 | ||
| 003 | ES-MaACL | ||
| 005 | 20230906200355.0 | ||
| 007 | t| | ||
| 008 | 070928s1913 sp ||||1| spa d | ||
| 100 | 1 |
_aVinyals, Francisco _9115347 |
|
| 245 | 1 | 0 |
_aEpisodios y cuentos / _cFrancisco Vinyals. |
| 260 |
_aMadrid : _bJaime Ratés Martín, _c1913. |
||
| 300 |
_a155, VII p. ; _c20 cm. |
||
| 852 |
_aES-MaACL _jD-1236 |
||
| 999 |
_c141809 _d141809 |
||